000
00296nam a2200109Ia 4500
008
230907s9999||||xx |||||||||||||| ||und||
082
_a
361.32
_b
DIR
245
0
_a
Direct social work practice : theory and skills /
260
_a
Cengage Learning,
_b
Boston :
_c
2017
300
_a
652 p.
942
_c
BK
999
_c
600185
_d
600185